[Event "Douglas IoM op"]
[Site "Douglas"]
[Date "2017.09.24"]
[Round "2"]
[White "Riazantsev, Alexander"]
[Black "Sundararajan, Kidambi"]
[Result "1/2-1/2"]
[WhiteElo "2666"]
[BlackElo "2426"]
[Annotator "Meulders,R"]
[PlyCount "66"]
[EventDate "2017.09.23"]
[EventType "swiss"]
[EventRounds "9"]
[EventCountry "IOM"]
[SourceTitle "CBM 181"]
[Source "ChessBase"]
[SourceDate "2017.11.10"]
[SourceVersion "1"]
[SourceVersionDate "2017.11.10"]
[SourceQuality "1"]

1. d4 f5 2. g3 Nf6 3. Bg2 g6 4. c3 {An interesting alternative to 4.c4, which
leads to classical Leningrad Dutch positions. 4.c3 is particularly useful to
restrict the scope of the Bb7. It is a setup that has been used by several
strong players.} Bg7 (4... Nc6 5. Qb3 d5 6. Nd2 e5 7. dxe5 Nxe5 8. Ngf3 Nf7 9.
O-O Bg7 10. c4 d4 11. Qa3 Bf8 12. Qd3 c5 13. b4 cxb4 14. a3 bxa3 15. Bxa3 Bxa3
16. Rxa3 O-O 17. Qxd4 a6 18. Qxd8 Rxd8 19. e3 Rb8 20. Rb1 $14 {0-1 (75)
Riazantsev,A (2646)-Nepomniachtchi,I (2705) Moscow 2015. White went on to
reach a winning position but lost after a series of blunders.}) (4... d6 5. Qb3
Nc6 6. d5 Ne5 7. Nh3 Bg7 8. Ng5 O-O 9. f4 Neg4 10. h3 Nh6 11. Be3 a5 12. Na3 a4
13. Qc4 Ra6 14. Rd1 Kh8 15. Nb5 c5 16. dxc6 bxc6 17. Bxc6 $16 {1-0 (46)
Volokitin,A (2671)-Reinderman,D (2549) Wijk aan Zee 2009}) (4... Ng4) 5. Nd2 (
5. Qb3 c6 6. h4 (6. Nd2 d5 7. Ndf3 Ne4 8. h4 Qb6 9. Nh3 Be6 10. Qd1 Nd7 11. h5
O-O-O 12. a4 Bg8 13. a5 Qc7 14. Nf4 Bf7 15. Nd3 e5 16. dxe5 Nxe5 17. Nfxe5 Bxe5
18. Nxe5 Qxe5 19. Bf4 Qf6 20. Qd4 Qxd4 21. cxd4 gxh5 22. Bf3 Bg6 23. Bxh5 $16 {
1-0 (53) Riazantsev,A (2651)-Potapov,P (2493) Sochi 2016}) 6... d5 7. Nh3 Qb6
8. Bf4 Be6 9. Nd2 Nbd7 10. Nf3 Bf7 11. Ne5 Nxe5 12. Bxe5 h6 13. Nf4 g5 14. Nd3
Qxb3 15. axb3 a6 16. Nc5 $16 {0-1 (47) Rozum,I (2590)-Vitiugov,N (2721) Sochi
2016}) (5. h4 Nc6 6. Nd2 e5 7. d5 Ne7 8. d6 Nc6 9. Nc4 O-O 10. Bd5+ Kh8 11. Nf3
b5 12. Ncxe5 Nxd5 13. Qxd5 Qe8 14. h5 gxh5 15. Bf4 Bb7 16. Qxb5 Nxe5 17. Qxb7
Rb8 18. Qd5 c6 19. Qxe5 Bxe5 20. Bxe5+ Kg8 $15 {1-0 (144) Kamsky,G (2721)
-Ponomariov,R (2731) Beijing 2013}) 5... O-O (5... Nc6 6. Ndf3 (6. Nh3 O-O 7.
Nf3 d6 8. d5 Ne5 9. Nd4 c5 10. dxc6 Nxc6 11. Nxc6 bxc6 12. Bxc6 Rb8 13. Nf4 e5
14. Nd5 f4 15. Nxf6+ Qxf6 16. O-O Bh3 17. Bg2 Bxg2 18. Kxg2 Qe6 $11 {1/2-1/2 
(42) Khenkin,I (2613)-Bartel,M (2609) Novi Sad 2009 CBM 133 [Bartel,M]}) 6...
e6 7. Nh3 d6 8. Nf4 Qe7 9. d5 exd5 10. Nxd5 Nxd5 11. Qxd5 Ne5 12. O-O c6 13.
Qd2 O-O 14. b3 d5 15. a4 Nxf3+ 16. Bxf3 $11 {1-0 (41) Landa,K (2639)
-Berelowitsch,A (2563) Belgium 2012}) 6. h4 $5 Nc6 7. Qb3+ d5 8. Ndf3 Ne4 9. h5
e5 {Standard procedure: flank thrusts should be answered by a central reaction
and the other way round.} 10. hxg6 hxg6 11. Nxe5 Nxe5 12. dxe5 c6 13. Nf3 g5
14. Be3 Qe7 15. O-O-O a5 16. a4 Bd7 17. c4 dxc4 18. Qxb7 Rab8 $2 (18... Rfd8
19. Nxg5 Rab8 20. Rxd7 Qxd7 21. Qxd7 Rxd7 22. Nxe4 fxe4 23. Bxe4 Bxe5 24. Bxc6
Rh7 25. Bd5+ Kg7 26. Rxh7+ Kxh7 27. Bxc4 Bxb2+ 28. Kc2 $18) 19. Qxd7 $18 Qb4
20. Bd4 c3 21. Qe6+ Rf7 22. Qa2 cxb2+ 23. Kb1 c5 24. Nxg5 Nxg5 25. Bd5 $2 {
This throws away the win.} (25. e6 $1 cxd4 {This is best, though in the end
White gets a superior position.} (25... Re7 {leads to a long almost forced
losing line.} 26. Bxg7 Kxg7 27. Rh4 Qc3 28. Qd5 Rf8 29. f4 Nxe6 30. Rdh1 Rff7
31. Rh7+ Kg8 32. Rxf7 Kxf7 33. Qxf5+ Ke8 34. Rd1 Nd4 35. Qc8+ Kf7 36. Bd5+ $18)
26. exf7+ Kf8 27. Bd5 Ne4 28. Bxe4 fxe4 29. Rh4 $18 Rc8 30. Qxb2 Qxb2+ 31. Kxb2
d3+ 32. Kb1 Rb8+ 33. Kc1 Rc8+ 34. Kd2 Rc2+ 35. Ke3 Rxe2+ 36. Kf4 Bf6 37. Rh6
Kxf7 38. Kf5 $18) 25... cxd4 26. Bxf7+ Nxf7 27. f4 Qb7 28. Qc4 Rc8 29. Qb5 Qe4+
30. Qd3 Qb7 31. Qb5 Qe4+ 32. Qd3 Qb7 (32... Qc6 33. Qb3 Bf8 $17) 33. Qb5 Qe4+
1/2-1/2

[Event "Tel Aviv 14th"]
[Site "Tel Aviv"]
[Date "1998.04.16"]
[Round "5"]
[White "Mikhalevski, Victor"]
[Black "Alienkin, Aleksander"]
[Result "1-0"]
[WhiteElo "2545"]
[BlackElo "2415"]
[Annotator "Mikhalevski,V"]
[PlyCount "79"]
[EventDate "1998.04.12"]
[EventType "swiss"]
[EventRounds "7"]
[EventCountry "ISR"]
[SourceTitle "CBM 064"]
[Source "ChessBase"]
[SourceDate "1998.06.02"]
[SourceVersion "1"]
[SourceVersionDate "1998.06.02"]
[SourceQuality "1"]

1. d4 f5 2. g3 Nf6 3. Bg2 d6 4. Nf3 g6 5. c3 Bg7 6. Qb3 {[%cal Gb3f7]} Nc6 7.
Nbd2 $5 e6 (7... e5 8. dxe5 dxe5 9. e4 $1) 8. O-O O-O 9. Ne1 $5 {[%cal Ge1d3,
Ge2e4] Looks more logical,than 9.Re1 and 9.Nc4} (9. Re1 d5 (9... Ne4 10. Nxe4
fxe4 11. Ng5 d5 12. f3 h6 13. Nh3 exf3 14. exf3 e5 15. dxe5 Bxh3 16. Bxh3 Nxe5
17. Be6+ Kh7 18. Bxd5 c6 19. Be4 Nxf3+ 20. Bxf3 Rxf3 21. Qxb7 Qd6 22. Kg2 Raf8
23. Be3 Rxe3 24. Rxe3 Qd2+ 25. Kh3 Qxe3 26. Qxc6 Rf5 27. Kg2 Rf2+ 28. Kh1 Qe2
29. Kg1 Qe3 30. Kh1 Rxb2 31. Rf1 Qe2 {0-1 Szabolcsi,J-Yedidia,J/FRA-chT 1996})
10. Ne5 (10. a4 $6 {><b4} a5 11. Qc2 Ne4 12. Nb3 g5 $6 (12... b6 $142 13. Bf4
Ba6 14. Nc1 g5 15. Be5 Nxe5 16. Nxe5 Bxe5 17. dxe5 Qe7 $15) 13. Nfd2 e5 $6 14.
Nxe4 fxe4 15. Be3 exd4 16. cxd4 $6 (16. Nxd4 $142 Ne5 17. Rad1 Qe7 18. b3 $14 {
/\c4}) 16... h6 17. Rac1 Rf7 18. Qd2 Qd6 19. Rc3 $6 (19. f3 $142 $13) 19... Nb4
$15 20. f3 exf3 21. exf3 {[#]} Na2 22. Rc5 (22. Rc2 Bf5) 22... b6 23. f4 bxc5 (
23... c6 24. fxg5 bxc5 25. dxc5 Qf8 26. gxh6 Bf6 27. Nxa5 $44) 24. dxc5 Qf8 $1
25. Bxd5 Bh3 26. fxg5 (26. Nxa5 gxf4 $1 27. gxf4 Nc3 $1 28. bxc3 Rxa5) 26... c6
27. Bxf7+ (27. g6 cxd5 28. Qxd5 Re8 29. Bf2 Rxe1+ 30. Bxe1 Qe7 31. Qxf7+ Qxf7
32. gxf7+ Kxf7 $15) 27... Qxf7 28. gxh6 Rf8 29. Bf4 (29. Qe2 Bxb2 $17 {(/\Qxb3)
} 30. h7+ Kxh7 31. Qc2+ Kg8 32. Bf4 Nb4 $19) 29... Bxh6 30. Nxa5 (30. Bxh6 Qf1+
31. Rxf1 Rxf1#) 30... Bxf4 31. Qxf4 {[#]} Qd5 32. Qc4 $8 Nb4 33. b3 Nd3 34. Rd1
Rf2 35. Qxd5+ cxd5 $138 {0-1 Dumitrache,D-Marin,M/ROM-ch 1996}) (10. Ng5 a5
$132) 10... Nxe5 11. dxe5 Ng4 (11... Ne4 12. f4 Nxd2 13. Bxd2 c5 14. Be3 c4 15.
Qc2 Rf7 16. Bc5 Bf8 17. Bxf8 Qxf8 18. Qd2 Qc5+ 19. Kh1 Rb8 20. b4 Qc7 21. a4 a5
22. b5 g5 23. Qd4 g4 24. Kg1 Bd7 25. Kf2 Rc8 26. Rh1 h5 27. h3 Rh7 28. hxg4
hxg4 29. Bxd5 exd5 30. Qxd5+ Rf7 31. Rh6 Be8 32. Rah1 Qd7 33. Rd6 {1-0 Matlak,
M-Jakubiec,A/POL-ch 1993}) 12. f4 Ne3 13. Bf3 Qe7 14. Nf1 Nc4 15. Qc2 c5 16.
Ne3 Na5 17. c4 d4 18. Bd2 Nc6 19. Nd1 Bd7 20. Nf2 Rfc8 21. Nd3 a5 22. a3 Bf8
23. b3 Qe8 24. Kh1 Nd8 25. a4 Bc6 26. Rg1 Be4 27. Raf1 Qc6 28. Qd1 Nf7 29. Qe1
Qb6 30. Qd1 Rd8 31. g4 Be7 32. g5 h6 33. h4 hxg5 34. hxg5 Kg7 35. Kg2 Rh8 36.
Rh1 {1/2-1/2 Fahrner,K-Beim,V/Graz op 1996}) (9. Nc4 Qe8 10. a4 Kh8 11. a5 a6
12. Bf4 h6 13. h4 Nh5 14. d5 Nd8 15. dxe6 Nxe6 16. Bc1 f4 17. Kh2 Nc5 18. Qd1
fxg3+ 19. fxg3 Ne4 20. Nd4 Nhxg3 21. Rxf8+ Qxf8 22. Qd3 d5 23. Ne3 Qf2 {
0-1 Maduekwe,C-Mainka,R/Bayer op 1997}) 9... Kh8 10. Nd3 e5 $5 $146 {
Interesting move.Black sacrifice a pawn for the activity of his piecies.} (
10... Qe7 11. e4 fxe4 (11... e5 12. dxe5 dxe5 13. Qc2 Bd7 14. b4 Rad8 15. a4
Nxe4 16. Nxe4 fxe4 17. Bxe4 Bh3 18. Re1 Rd6 19. Ba3 Qf7 20. b5 Na5 21. Bxd6
cxd6 22. Nb4 Nb3 23. Rad1 Nc5 24. Bd5 Qf6 25. Bh1 Nxa4 26. Nd5 Qf7 27. Ra1 e4
28. Rxa4 Qxd5 29. Raxe4 Qxb5 30. Re7 d5 31. Qd2 Bf6 32. R7e3 Rd8 33. Rf3 Kg7
34. Rxf6 Kxf6 35. Qf4+ Bf5 36. Qe5+ {1-0 Soppe,G-Herman,D/Clarin op 1995}) 12.
Nxe4 Nxe4 {1/2-1/2 Urban,K-Grabarczyk,B/POL-ch 1996}) 11. Bxc6 {White is
forced to take this pawn.Otherwise Black solve all his opening problems.} (11.
dxe5 Nxe5 {doesn't promise a lot.}) 11... bxc6 12. dxe5 Ng4 (12... Ne4 $5 13.
Qa4 (13. Nxe4 fxe4 14. Nb4 Qe8 $1 $44) 13... Nxd2 (13... dxe5 $6 14. Nxe4 fxe4
15. Nc5 $1 $18) 14. Bxd2 dxe5 15. Qxc6 Rb8 $44) 13. exd6 cxd6 14. Nf3 Qe8 15.
Nf4 $5 (15. Re1 Be6 {[%cal Ge6d5]} (15... Nf6) (15... Nf6 $5 {[%cal Gf6e4]}))
15... Ba6 {[%cal Ga6e2]} 16. h3 $5 (16. Ng5 Bf6 $1) 16... Bxe2 $6 (16... Ne5 $5
17. Nxe5 Bxe5 $1 $13 (17... dxe5 18. Ne6 Bxe2 19. Re1 Rb8 $140 20. Nxg7 Kxg7
21. Qa4 Bf3 22. Qxa7+ Rf7 23. Qe3)) 17. Nxe2 (17. Re1 $6 Bxf3 18. Rxe8 Raxe8 {
[%csl Rf3][%cal Gg4e5] ><f3} 19. hxg4 $140 $4 Re1+ 20. Kh2 Rh1#) 17... Qxe2 18.
Nd4 $1 {Black has to separate to his bishop.} (18. Qd1 Qxd1 19. Rxd1 Ne5 $1 20.
Nd4 {=\+=}) 18... Bxd4 19. cxd4 Nh2 $1 {Beautiful tactical blow and the best
chance.} (19... Nf6 20. Bh6) (19... Rab8 20. Qa3 $1) 20. Bh6 $1 Nf3+ (20...
Nxf1 $2 21. Qb7 $1 {[%cal Rb7g7]} Rg8 22. Qf7 $1 $18 {[%csl Rh8]}) (20... Rab8
21. Qa3 $1 Nxf1 $140 22. Qxa7 $1 {[%cal Ra7g7]} (22. Bxf8 Rxf8 23. Qxd6) 22...
Rg8 23. Qf7 {[%csl Rh8][%cal Rf7f6]} Rb7 24. Qxb7 $18) 21. Kg2 Nxd4 (21... Nd2
22. Qb7 Qe4+ 23. f3 Qxd4 24. Bxf8 Rxf8 25. Rad1 $16) 22. Qe3 (22. Qc3 $5) (22.
Qb7) 22... Qc4 $1 (22... Qxe3 23. fxe3 $16) 23. Bxf8 Rxf8 24. Qe7 $5 $138 Qd5+
$8 25. f3 Rf7 26. Qd8+ Kg7 27. Rae1 {[%csl Rg7][%cal Ge1e8,Ge8g8]} Ne6 $6 (
27... f4 $1 {[%cal Gd4f5] /\Nf5,Nc2 ><e3,><g2<=>}) 28. Qe8 Qd2+ $2 (28... Nc7
$142 29. Qe3 $14) 29. Kh1 $16 Nd4 $6 30. Re7 Rxe7 31. Qxe7+ Kh6 32. Qh4+ Kg7
33. Qe7+ Kh6 34. Qxd6 $18 (34. Qf8+ $5) 34... Qd3 (34... Qe2 35. Qf4+ g5 36.
Qd6+) 35. Rf2 c5 36. Qf8+ Kh5 $8 (36... Kg5 37. h4+ Kh5 38. g4+ fxg4 39. fxg4+
Kxh4 40. Qh6+ Kg3 41. Qh2+ Kxg4 42. Rf4+ Kg5 43. Qh4#) 37. Kg2 $1 {[%csl Rh5]}
Nxf3 (37... Qe3 {was better,but of course doesn't save Black.}) 38. Rxf3 Qe2+
39. Rf2 Qe4+ 40. Kh2 1-0

[Event "Dieren op"]
[Site "Dieren"]
[Date "1998.07.24"]
[Round "4"]
[White "Mikhalevski, Victor"]
[Black "Bosch, Jeroen"]
[Result "1/2-1/2"]
[WhiteElo "2540"]
[BlackElo "2480"]
[Annotator "Mikhalevski,V"]
[PlyCount "44"]
[EventDate "1998.08.??"]
[EventType "swiss"]
[EventRounds "9"]
[EventCountry "NED"]
[SourceTitle "CBM 066"]
[Source "ChessBase"]
[SourceDate "1998.09.30"]
[SourceVersion "1"]
[SourceVersionDate "1998.09.30"]
[SourceQuality "1"]

1. d4 f5 2. g3 Nf6 3. Bg2 g6 4. c3 Bg7 5. Nh3 c6 6. Nf4 d6 (6... O-O 7. h4 Ng4
8. e4 e5 9. dxe5 Nxe5 10. Qb3+ Kh8 11. h5 g5 12. Ng6+ Nxg6 13. hxg6 h6 14. Be3
fxe4 15. Bd4 d5 16. Rxh6+ Kg8 17. Qd1 Bxd4 18. Qxd4 Qf6 {1/2-1/2 Ganaus,
H-Mayerhofer,P/Open, Aschach AUT 1997}) 7. Qb3 e5 (7... Qb6 $5 8. Ne6 Bxe6 9.
Qxe6 Na6 (9... Nbd7 $5) 10. Qb3 Nc7 11. Nd2 d5 12. O-O (12. Qc2 $143 e5 $1 13.
dxe5 Ng4 14. O-O Nxe5 $11 {1/2-1/2 Nussbaumer,J-Niedermayr,H/AUT-chT2O 9697
1996 (32)}) 12... O-O $11 {Herraiz Lopez,H-Patuzzo,F/5th World Uni-ch,
Rotterdam NED 1998/1/2-1/2 (79)}) (7... Qd7 {[%cal Ge7e5]} 8. Nd3 Qc7 9. Nd2
Nbd7 10. f3 Nf8 11. e4 e5 12. dxe5 dxe5 13. Nc4 Be6 14. Qxb7 $1 $18 {1-0
Barkhagen,J-Dao Thien Hai/Budapest FS06 GM 1993 (42)}) 8. dxe5 dxe5 9. Ne6 Bxe6
10. Qxe6+ Qe7 11. Qxe7+ $146 (11. Qb3 Na6 12. Nd2 Nc5 13. Qc4 O-O-O $5 (13...
Ne6 14. e4 f4 15. Bh3 Ng5 16. Bf1 Nf7 $13 {0-1 Casagrande,H-Rolletschek,H/
AUT-chT9596 1996 (44)})) 11... Kxe7 {[%cal Ge5e4]} 12. e4 $1 Nxe4 $1 13. Bxe4
fxe4 14. Bg5+ $6 {This is too optimistic.} (14. Be3 $142 Nd7 15. Nd2 Nf6 16.
Bg5 e3 $5 17. Bxe3 $14) (14. Ke2 $143 Nd7 15. Bg5+ Ke6) 14... Ke6 15. Nd2 Kf5
16. Be3 Nd7 $15 17. Nc4 (17. Rd1 Nf6 (17... Nb6 $5 18. h3 $5 h5 19. Ke2 {
[%cal Gg3g4]}) 18. Nc4 Bf8) 17... Bf8 $1 (17... Ke6 18. O-O-O Bf8 $140 19. Nd2
$1 Nf6 20. Bg5 $14) 18. Rd1 $1 (18. Na5 Rb8 $5 19. Bxa7 $140 $2 Ra8 $19) (18.
O-O-O Nf6 {[%csl Rf3]}) 18... Nf6 $1 (18... Nc5 19. Nxe5 $1) 19. Rf1 $5 (19.
O-O $5 Ng4 $140 20. Na5 $1 Rb8 (20... Nxe3 21. fxe3+ Ke6 (21... Kg4 22. Rf7 $1)
22. Nxb7 {[%cal Gb7d8]} Be7 23. Na5 $14) 21. Bxa7 Ra8 22. Bb6 Ra6 23. Bc7)
19... Ke6 20. f4 $1 exf3 21. Rxf3 $36 {[%cal Gc4e5] /\N:e5} Be7 22. Rd2 $3 {
[%cal Gc4e5]} Nd7 $1 {Black could continue without running risks.White should
play very strong to escape.} ({For example} 22... Nd7 $1 23. Re2 Rhf8 (23...
Bf6 24. Bf4 Rhe8 (24... Kd5 25. Rd2+ Ke6 (25... Kxc4 $6 26. Rxd7 exf4 $140 $2
27. Rxf4+ Kc5 28. Rxf6)) 25. Rd3 $1 $44) 24. Bf4 Bd6 $1 (24... Rf5 25. g4) (
24... Bf6 25. Rfe3 $14 {/=}) 25. Nxd6 (25. Rfe3 Rf5 26. Re4 {[%cal Gg3g4] /\g4}
g5 $1) 25... Kxd6 26. Rd3+ Ke6 27. Bh6 $1 (27. Bxe5 Nxe5 28. Rde3 Rf5 29. g4
Rg5 30. h4 Rxg4 31. Rxe5+ Kd6 $17) 27... Rf7 28. Red2 $132 {[%cal Gd3d6]})
1/2-1/2

[Event "Biel Credis"]
[Site "Biel"]
[Date "1996.??.??"]
[Round "8"]
[White "Gerber, Richard"]
[Black "Lutz, Christopher"]
[Result "0-1"]
[WhiteElo "2395"]
[BlackElo "2565"]
[Annotator "Mowsziszian,K"]
[PlyCount "104"]
[EventDate "1996.07.22"]
[EventType "tourn"]
[EventRounds "11"]
[EventCountry "SUI"]
[EventCategory "10"]
[SourceTitle "CBM 055"]
[Source "ChessBase"]
[SourceDate "1996.12.01"]
[SourceVersion "1"]
[SourceVersionDate "1996.12.01"]
[SourceQuality "1"]

1. d4 f5 2. g3 Nf6 3. Bg2 g6 4. Nh3 Bg7 5. Nc3 (5. Nf4 O-O (5... d6 6. d5 O-O
7. h4 Qe8 8. Nc3 Na6 9. O-O Nc5 10. Be3 e5 11. dxe6 Nxe6 12. Qd2 Nxf4 13. Bxf4
Bd7 14. Nd5 Ne4 15. Qe3 Rc8 16. f3 c6 17. fxe4 cxd5 18. Qb3 fxe4 19. Qxd5+ Be6
20. Qxe4 {Eingorn,V-Salzmann}) 6. h4 d6 7. c3 Qe8 8. Bxb7 Bxb7 9. Qb3+ d5 10.
Qxb7 Qc6 11. Qxc6 Nxc6 12. Ne6 {Ulibin,M-Schnabel}) 5... O-O 6. Nf4 Nc6 7. h4
e5 8. dxe5 Nxe5 9. h5 c6 10. Be3 d6 11. Bd4 Qe8 12. e3 Bd7 13. hxg6 hxg6 14.
Qe2 b5 15. O-O-O b4 16. Na4 Qf7 17. b3 Rae8 18. Bb2 (18. Bxa7 c5 $13) 18... d5
19. Nd3 (19. Nc5 $142 {ist viel natürlicher}) 19... Ne4 20. Nxe5 Rxe5 $1 {
In dieser Stellung ist der schwarzfeldrige Läufer viel besser als der Turm, er
beherscht a1-h8/^ und spielt die wichtigste Rolle als Verteidigungs- und
Angriffsfigur.} 21. Rh2 Qe7 22. Rdh1 c5 23. Qa6 Re6 24. Qxa7 Bxa4 25. Rh8+ $1
Kf7 26. Qxe7+ Rxe7 27. Bxg7 Rxh8 28. Bxh8 Bc6 29. Bxe4 fxe4 30. Rh7+ Ke6 31.
Rh6 Kf5 32. Rh4 Rf7 33. Kb2 Kg5 34. Rh2 Kg4 35. Be5 Kf3 36. Bd6 Ke2 37. Bxc5
Rxf2 38. Rxf2+ $2 (38. Rh6 $1 Kd1 39. Rh1+ Ke2 40. Bxb4 Kxe3 41. Bc5+ d4 42.
Re1+ $18) 38... Kxf2 39. g4 (39. c3 $2 bxc3+ 40. Kxc3 Kxg3 41. a4 g5 42. a5 g4
43. Bd6+ Kf2 44. Kd4 g3 45. a6 g2 46. Bh2 g1=Q 47. Bxg1+ Kxg1 48. b4 Kf2 49. a7
Bb7 50. b5 Ke2 51. b6 Ba8 52. Kc5 Kxe3 53. Kd6 d4 54. Kc7 d3 55. b7 Bxb7 56.
Kxb7 d2 57. a8=Q d1=Q $19) (39. Bxb4 Kxe3 40. a4 Kf2) 39... g5 40. Bxb4 $2 (40.
Be7 Kxe3 41. Bxg5+ Kf3 (41... Kf2 $2 42. Be7 e3 43. Bxb4 e2 44. a4 e1=Q 45.
Bxe1+ Kxe1 46. g5 $18) 42. Be7 Kxg4 43. Bxb4 $14) 40... Kxe3 $17 41. a4 Kf3 42.
Kc3 Kxg4 43. Kd4 Kf3 44. Bd2 g4 45. a5 Bb5 46. c4 dxc4 47. bxc4 Bc6 48. a6 g3
49. a7 g2 50. Be3 Ke2 51. Kc5 Ba8 52. Bg1 Kd3 (52... Kd3 53. Kb5 e3 54. c5 e2
$19) 0-1

[Event "SUI-chT"]
[Site "Switzerland"]
[Date "2008.06.22"]
[Round "5.2"]
[White "Pelletier, Yannick"]
[Black "Siegel, Georg"]
[Result "1-0"]
[WhiteElo "2607"]
[BlackElo "2360"]
[Annotator "Pelletier,Y"]
[PlyCount "95"]
[EventDate "2008.03.02"]
[EventType "team-tourn"]
[EventRounds "9"]
[EventCountry "SUI"]
[SourceTitle "EXT 2010"]
[Source "ChessBase"]
[SourceDate "2010.11.25"]
[SourceVersion "1"]
[SourceVersionDate "2010.11.25"]
[SourceQuality "1"]
[WhiteTeam "Zuerich"]
[BlackTeam "Gligoric"]
[WhiteTeamCountry "SUI"]
[BlackTeamCountry "SUI"]

1. d4 f5 2. g3 g6 3. Bg2 Nf6 4. c3 Bg7 5. Qb3 d5 {Gegen das relativ seltene
System mit c3 macht es Sinn, sich mit einem Stonewall aufzubauen.} 6. Nf3 O-O
7. O-O c6 8. c4 Qb6 9. Qc2 ({Das Endspiel nach} 9. Nc3 Qxb3 10. axb3 {führt zu
leichtem weißen Vorteil, aber ich entschied mich dafür, die Damen zu behalten.}
) 9... Be6 10. b3 (10. c5 Qd8 11. Nc3 Kh8 12. Bf4 $14) 10... Nbd7 (10... Kh8
11. Ba3 Re8 12. Nbd2 Nbd7 13. Rac1 $14) 11. Ng5 {Auch wenn Weiß den
"schlechten" Läufer des Gegners abtauscht ... das Läuferpaar ist das
Läuferpaar!} Bf7 12. Bb2 Ne4 13. Nxf7 Rxf7 14. e3 Qd8 ({Die Folgen von} 14...
e5 $5 {sehen für Schwarz attraktiv aus. Trotzdem behält Weiß etwas Vorteil nach
} 15. cxd5 exd4 16. dxc6 d3 17. Qc1 bxc6 18. Bxg7 Kxg7 19. Rd1 Ndc5 20. f3 Nf6
21. Nd2 $14 {[%cal Gd2c4] Der Bauer d3 ist eher schwach.}) 15. f3 Nd6 16. Nd2
Nf6 (16... e5 17. dxe5 Nxe5 18. Rad1 $14 {[%cal Gd1d8]} (18. cxd5 cxd5 19. Bxe5
Bxe5 20. Rad1 Qb6 $36)) 17. Rac1 e6 18. Rfe1 Qd7 19. a4 Raf8 20. Ba3 Re8 21.
Kh1 Bf8 ({Schwarz kann sich im Zentrum eigentlich nie befreien:} 21... e5 22.
cxd5 ({auch} 22. dxe5 {wäre gut}) 22... Nxd5 23. e4 fxe4 24. fxe4 Nb6 25. dxe5
Bxe5 26. Nf3 $16) 22. Bb2 Bh6 23. Re2 Bg5 24. Qd3 h5 {Schwarz droht, auf dem
Königsflügel aktiv zu werden. Unter Zeitgewinn entschied ich also, die
Stellung zu schliessen und somit die gegnerischen Angriffversuche zu
unterbinden.} 25. c5 Nc8 26. b4 a6 (26... h4 27. f4 Bh6 28. gxh4 {[%cal Gc1g1,
Gg1g8]}) 27. f4 Bh6 28. Nf3 Rg7 29. b5 {Weiß steht am Damenflügel überlegen,
aber Schwarz findet einen guten Weg, um zähen Widerstand zu leisten.} axb5 30.
axb5 Na7 31. Ne5 Qc8 32. bxc6 ({Gut war auch} 32. b6 Nb5 33. Ra1 Nd7 34. Nxd7
Qxd7 35. h4 $16 {Weiß plant nun Bc1-Rea2-Qc2-Bf1, wonach der Nb5 seine
Stellung nicht mehr halten kann. Der schwarzfeldrige Läufer des Anziehenden
ist übrigens nicht schlechter als sein Kollege auf h6.}) 32... bxc6 33. Bc3 ({
Genauer war} 33. Ra1 $1 Ree7 (33... Nb5 34. Ra5 $18) 34. Bc3 Nb5 35. Rea2 $16)
33... Ng4 34. Nf3 Nb5 35. Be1 Ra7 36. Rb2 Bg7 37. h3 Ra3 (37... Nh6 38. Bf1 $16
) 38. Rb3 Rxb3 39. Qxb3 Nh6 40. Ra1 Qb7 41. Bf1 Rb8 42. Ra4 (42. Ba5 $6 Qa7) (
42. Bxb5 cxb5 43. Rc1 $16) 42... Nf7 43. Ba5 Bf6 (43... Ra8 44. Bb6 Rxa4 45.
Qxa4 Nc3 46. Qa6 Qxa6 47. Bxa6 $18 {[%csl Rc6]}) 44. Bb6 Nfd6 {Geistreich,
aber trotzdem ungenügend.} (44... Nc7 45. Qa2) 45. Ra5 (45. Kg2 Nc8 46. Bxb5
cxb5 47. Qxb5 Nxb6 48. Rb4 Qc7 49. cxb6 Qc2+ 50. Kf1 $18) 45... Qd7 (45... Nc8
46. Bxb5 cxb5 47. Rxb5 Na7 48. Rb4 Nc6 49. Ra4 Bd8 50. Qb5 Bxb6 51. Ra6 Bxc5
52. Qxb7 Rxb7 53. dxc5 (53. Rxc6 $16) 53... Rb1+ 54. Kg2 Rb2+ 55. Kf1 Rb1+ 56.
Ke2 Rb2+ 57. Nd2 Ne7 58. Rxe6 $18) 46. Kg2 Nc8 47. Bxb5 Nxb6 $2 (47... cxb5 48.
Rxb5 $18) 48. Be2 1-0

[Event "Mermaid Beach Club"]
[Site "Bermuda"]
[Date "1997.??.??"]
[Round "6"]
[White "Vescovi, Giovanni P"]
[Black "Bezold, Michael"]
[Result "1-0"]
[WhiteElo "2490"]
[BlackElo "2500"]
[Annotator "Petursson,M"]
[PlyCount "68"]
[EventDate "1997.01.??"]
[EventType "tourn"]
[EventRounds "11"]
[EventCountry "BER"]
[EventCategory "11"]
[SourceTitle "CBM 058"]
[Source "ChessBase"]
[SourceDate "1997.06.01"]
[SourceVersion "1"]
[SourceVersionDate "1997.06.01"]
[SourceQuality "1"]

1. d4 d5 2. Nf3 e6 3. g3 f5 4. Bg2 Nf6 5. b3 c6 6. O-O b6 7. c4 Bb7 8. Qc2 Na6
9. Ba3 Bxa3 10. Nxa3 Qe7 11. Qb2 O-O 12. Rac1 Rac8 13. Nb1 Rfd8 14. Nbd2 c5 15.
Rfd1 Rc7 16. cxd5 exd5 17. Ne5 Ne4 18. Nd3 Rdc8 19. Nf4 g5 20. Nxe4 fxe4 21.
Nh5 c4 22. bxc4 Rxc4 23. Rxc4 Rxc4 {[%tqu "En","Can you find a brilliant move
here to give White a winning position?","You want to open the diagonale b2-h8
at all cost!  Is there a way to remove the defender on d5.","Notice that a
knight on f6 would fork a black king on g8 and a black queen on e4!","g2e4",
"TERRIFIC!  You found the daring winning move!",15]} 24. Bxe4 $3 dxe4 (24...
Qxe4 $2 25. Nf6+ Kg7 26. Nxe4) 25. d5 Rc8 (25... e3 26. f3 Rc8 27. d6 Qf8 28.
Nf6+ Kf7 (28... Kh8 29. d7 Rd8 30. Qe5 h6 31. Rd6 $1 Nc5 32. Ng4+ Kh7 33. Rf6
$18) 29. Nxh7 Qg7 30. Qb3+ Kg6 31. Qb1+ Kh6 32. d7 Rd8 33. Rd6+ Kh5 34. g4+ Kh4
35. Qe1+ Kh3 36. Qg3#) 26. d6 Qf7 (26... Qf8 27. Qe5 h6 28. d7 Rd8 29. Rd6 $18)
27. d7 Rd8 28. Nf6+ Kf8 {[%tqu "En","Can you find the most decisive winning
move?","Can you do anything tactical?","Why not take the pawn on h7 with
check?","f6h7","GOOD  You found the strongesst move!",8,"b2e5","",0]} 29. Nxh7+
$1 (29. Qe5 h6 30. Qd6+ Qe7 (30... Kg7 31. Ng4 $18) 31. Nh7+ Kf7 32. Qxh6 $18)
29... Kg8 (29... Qxh7 30. Qf6+ Qf7 31. Qxd8+ $18) {[%tqu "En","How do you
continue?","It's not Nh7xg5.","You have to move your knight!","h7f6","",6]} 30.
Nf6+ Kf8 {[%tqu "En","Can you find the decisive winning move here?","It's time
to improve the position of your queen!","Bring your queen as close to his king
as possible","b2e5","GREAT!",10]} 31. Qe5 Nc5 {[%tqu "En","Now Black is hoping
to play Nc5xd7. Finish him off before he can do that!","You have used this
idea before","I'ts that knight check again!","f6h7","GREAT! Now he will resign
very soon",10]} 32. Nh7+ $1 Kg8 33. Qxg5+ Kxh7 34. Qxd8 Nd3 1-0